| 000 | 00736nam a2200229 i 4500 | ||
|---|---|---|---|
| 001 | 64276 | ||
| 003 | ES-MaACL | ||
| 005 | 20231222184207.0 | ||
| 007 | t| | ||
| 008 | 031223s1973 sp ||||1| spa d | ||
| 020 | _a84-500-5781-7 | ||
| 080 | _a821.134.2 Baroja, Pío 1.07 | ||
| 100 | 1 |
_aFlores Arroyuelo, Francisco J. _951271 |
|
| 245 | 1 | 0 |
_aPío Baroja / _cFrancisco J. Flores Arroyuelo. |
| 260 |
_aMadrid : _bPublicaciones Españolas, _c1973. |
||
| 300 |
_a103 p., [4] h. de lám. ; _c21 cm. |
||
| 490 | 1 |
_aTemas españoles ; _v534 |
|
| 600 | 1 | 4 |
_aBaroja, Pío, _d1872-1956- _xCrítica e interpretación _925756 |
| 830 | 1 |
_aTemas españoles ; _v534 _9178712 |
|
| 852 |
_aES-MaACL _jC-54891 |
||
| 999 |
_c64276 _d64276 |
||